000
00292nam a22001337a 4500
008
170225b xxu||||| |||| 00| 0 eng d
020
_a
20443084815
041
_a
eng
080
_2
2ND
_a
617
100
_a
5
101
_a
SHK
245
_a
OPERATIVE HAND SURGERY
_c
GREEN, D.P
942
_2
udc
_c
BK
999
_c
6249
_d
6249